| 000 | 00774nam a2200277 a 4500 | ||
|---|---|---|---|
| 001 | BRL_332 | ||
| 005 | 20190320210706.0 | ||
| 008 | 300713s1986----mx-a######---#000-0#spa-# | ||
| 020 | _a968290949X | ||
| 041 | _aspa | ||
| 044 | _amx | ||
| 050 | 4 |
_aF1219.3 _b.M38 1986 |
|
| 100 | 1 |
_aMatos Moctezuma, Eduardo _94820 |
|
| 245 | 1 | 0 |
_aMuerte a filo de obsidiana _cEduardo Matos Moctezuma. |
| 260 |
_aMéxico _bSEP _c1986 |
||
| 300 |
_a153 p. _bil. _c21 cm. |
||
| 440 | 0 |
_aLecturas mexicanas _pSegunda Serie _v50 _923574 |
|
| 500 | _aAu333 | ||
| 504 | _aBibliografía : p. 151-153 | ||
| 650 | 1 | 4 |
_aAztecas _xReligión _95290 |
| 650 | 1 | 4 |
_aNahuas _xReligión _923575 |
| 650 | 1 | 4 |
_aMitología Azteca _92487 |
| 650 | 1 | 4 |
_aMitología nahua _923576 |
| 902 | _aGRL | ||
| 942 |
_2lcc _cB |
||
| 999 |
_c9145 _d9145 |
||